journal of the japanese society of pediatric surgeons (رقم التسجيلة. 150189)
[ عرض عادي ]
| 000 -LEADER | |
|---|---|
| fixed length control field | 01071cas a2200289 4500 |
| 008 - FIXED-LENGTH DATA ELEMENTS--GENERAL INFORMATION | |
| fixed length control field | 750325c19749999waufr p aob 0 a0eng |
| 010 ## - LIBRARY OF CONGRESS CONTROL NUMBER | |
| LC control number | 75641024 |
| 022 ## - INTERNATIONAL STANDARD SERIAL NUMBER | |
| International Standard Serial Number | 0288-609x |
| 040 ## - CATALOGING SOURCE | |
| Original cataloging agency | DLC |
| Transcribing agency | DLC |
| Modifying agency | NSDP |
| -- | OCoLC |
| -- | NSDP |
| -- | NST |
| -- | AIP |
| -- | NSDP |
| -- | NST |
| -- | NSDP |
| -- | DLC |
| -- | NST |
| -- | MH |
| -- | MiU |
| -- | CU-S |
| -- | MH |
| -- | PBL |
| -- | OCoLC |
| -- | CU-S |
| -- | OCoLC |
| -- | NSDP |
| -- | NLGGC |
| -- | OCoLC |
| -- | HEBIS |
| -- | GBVCP |
| -- | WaU |
| 043 ## - GEOGRAPHIC AREA CODE | |
| Geographic area code | a-ja--- |
| 050 00 - LIBRARY OF CONGRESS CALL NUMBER | |
| Classification number | DS801 |
| Item number | .J7 |
| 092 #4 - LOCALLY ASSIGNED DEWEY CALL NUMBER (OCLC) | |
| Classification number | 610.5 |
| Item number | J864 |
| Edition number | 21 |
| 099 ## - LOCAL FREE-TEXT CALL NUMBER (OCLC) | |
| Classification number | \4 |
| -- | 610.5 J864 |
| 210 0# - ABBREVIATED TITLE | |
| Abbreviated title | J. Jpn. stud. |
| Qualifying information | (Print) |
| 222 #0 - KEY TITLE | |
| Key title | journal of the japanese society of pediatric surgeons=小児外科医の日本社会学会 |
| 245 04 - TITLE STATEMENT | |
| Title | journal of the japanese society of pediatric surgeons |
| 260 ## - PUBLICATION, DISTRIBUTION, ETC. | |
| Place of publication, distribution, etc. | the japanese society of pediatric surgeons, |
| Date of publication, distribution, etc. | 1964- |
| 300 ## - PHYSICAL DESCRIPTION | |
| Extent | v. |
| Dimensions | 23 cm. |
| 310 ## - CURRENT PUBLICATION FREQUENCY | |
| Current publication frequency | annual |
| 362 0# - DATES OF PUBLICATION AND/OR SEQUENTIAL DESIGNATION | |
| Dates of publication and/or sequential designation | v. 1- april 1965- |
| 651 #0 - SUBJECT ADDED ENTRY--GEOGRAPHIC NAME | |
| Geographic name | Japan |
| Form subdivision | Periodicals. |
| 710 2# - ADDED ENTRY--CORPORATE NAME | |
| Corporate name or jurisdiction name as entry element | the japanese society of pediatric surgeons |
| 905 ## - LOCAL DATA ELEMENT E, LDE (RLIN) | |
| Cataloger | Sozan |
| Reviser | Cat. |
| 905 ## - LOCAL DATA ELEMENT E, LDE (RLIN) | |
| Reviser | Rev. |
| 942 ## - ADDED ENTRY ELEMENTS (KOHA) | |
| Source of classification or shelving scheme | Dewey Decimal Classification |
| Koha item type | Books |
| Source of classification or shelving scheme | Not for loan | Home library | Current library | Date acquired | Full call number | Date last seen | Koha item type |
|---|---|---|---|---|---|---|---|
| Dewey Decimal Classification | المكتبة المركزبة الجديدة - جامعة القاهرة | قاعة الثقاقات الاجنبية - الدور الثالث | 11.02.2024 | 610.5 J864 | 23.09.2023 | Continuing Resources |